000
00242 a2200109 4500
003
Nust
005
20170207154233.0
040
_c
Nust
082
_a
371.33
245
_a
Fire Fighting Eqpts (VHS-567)
440
_a
Fire Fighting Eqpts (VHS-567)
538
_a
Duration 90-Mins
999
_c
195979
_d
195979